Nông thôn ngày nay:Chuyên đề dân tộc thiểu số và miền núi /
Bewaard in:
| Coauteur: | |
|---|---|
| Formaat: | Tijdschrift |
| Gepubliceerd in: |
H.:
Hội nông dân Việt Nam;
2000-
|
| Tags: |
Voeg label toe
Geen labels, Wees de eerste die dit record labelt!
|
| Thư viện lưu trữ: | Thư viện Trường Đại học Đà Lạt |
|---|
| LEADER | 00558nam a2200205 4500 | ||
|---|---|---|---|
| 001 | DLU060055443 | ||
| 041 | # | # | |a DLU |b vie |
| 082 | # | # | |a vie |
| 110 | # | # | |a Hội nông dân Việt Nam |
| 245 | # | # | |a Nông thôn ngày nay:Chuyên đề dân tộc thiểu số và miền núi / |c Hội nông dân Việt Nam |
| 260 | # | # | |a H.: |b Hội nông dân Việt Nam; |c 2000- |
| 300 | # | # | |a t.: |b ; |c 28cm |
| 994 | # | # | |a DLU |
| 900 | # | # | |a True |
| 911 | # | # | |a Nguyễn Thị Yên |
| 925 | # | # | |a G |
| 926 | # | # | |a A |
| 927 | # | # | |a TT |
| 980 | # | # | |a Thư viện Trường Đại học Đà Lạt |